00840nam a2200265 i 4500001000300000100002200003245004600025250003100071260004200102300002700144490002500171504002200196650005000218830002500268020001500293040000800308041000800316080002000324920001800344942000700362008004100369999001700410856009800427952004900525bg1 aKRAJEWSKI, Marcin10aUmowa przedwstępna /cMarcin Krajewski. a2 wyd. rozsz. i zaktualiz. aWarszawa :bWydaw. C. H. Beck,c2002. aXXIV, 245 s. ;c21 cm.1 aMonografie Prawnicze aBibliogr. Indeks. 9aUmowa przedwstępnazPolskaystan na 2002 r. aMonografie Prawnicze a8372478430 cBPK0 apol a347.45/.46(438) a83-7247-843-0 cKS s pl f |000 0 pol  c43507d43507 uhttp://koha.tu.koszalin.pl/cgi-bin/koha/opac-detail.pl?biblionumber=43507yKatalog online BPK 00104070aBPKbBPKcwo69163p02046860yKS